000 00444nam a22001097a 4500
020 _a9781138028678
082 _a333.79
_bADV
245 _aAdvances in energy science and equipment engineering :
_bproceedings of the International Conference on Energy Equipment Science and Engineering, ICEESE 2015, May 30-31, 2015 /
_cEdited by Shiquan Zhou ; Aragona Patty
260 _aBoca Raton :
_bCRC Press,
_c2015.
300 _aVolume
942 _2ddc
_cBK
999 _c591759
_d591759